Legend of Zelda - Link Design Click Quiz - Statistics

General Stats
  • This quiz has been taken 4,451 times
    3,858 since last reset
  • The average score is 8 of 11
Answer Stats
Hint Answer % Correct
Breath of the Wild
86%
The Legend of Zelda
83%
The Wind Waker
79%
Ocarina of Time
79%
Twilight Princess
79%
Echoes of Wisdom
72%
Zelda II: The Adventure of Link
68%
The Minish Cap
63%
A Link to the Past
62%
A Link Between Worlds
58%
Link's Awakening
48%
No matching quizzes found
Score Distribution
Percent of People with Each Score
Percentile by Number Answered
Your Score History
You have not taken this quiz since the last reset